Racionalidad alternativa ante una nueva depresión mundial
Bewaard in:
| Hoofdauteur: | |
|---|---|
| Coauteur: | |
| Formaat: | Boek |
| Taal: | Spanish |
| Gepubliceerd in: |
San José, Costa Rica
DEI
2002
|
| Onderwerpen: | |
| Tags: |
Voeg label toe
Geen labels, Wees de eerste die dit record labelt!
|
MARC
| LEADER | 00000nam a2200000 4500 | ||
|---|---|---|---|
| 003 | cru CIDCACS/IIS | ||
| 005 | 20181212143512.0 | ||
| 008 | 181212b2002 cr ||||| |||| 00| 0 spa d | ||
| 999 | |c 41988 |d 41988 | ||
| 040 | |c cru CIDCACS/IIS | ||
| 090 | |a REV0750 | ||
| 100 | 1 | |9 41 |a Dierckxsens, Wim | |
| 110 | 2 | |9 7636 |a Departamento Ecuménico de Investigaciones (DEI) | |
| 245 | |a Racionalidad alternativa ante una nueva depresión mundial |c Wim Dierckxsens | ||
| 260 | |a San José, Costa Rica |b DEI |c 2002 | ||
| 300 | |a 12 - 23 páginas. | ||
| 650 | 4 | |9 1935 |a RECESION ECONOMICA | |
| 650 | 4 | |9 4369 |a MERCADO INTERNACIONAL | |
| 650 | 4 | |9 3363 |a EMPRESAS TRANSNACIONALES | |
| 650 | 0 | |9 388 |a GLOBALIZACION | |
| 650 | 4 | |9 4380 |a MODELOS ECONOMICOS | |
| 773 | 0 | |0 41641 |9 2480 |a Departamento Ecuménico de Investigaciones (DEI) |d San José, Costa Rica Departamento Ecuménico de Investigaciones (DEI) |o 20178 |t Pasos / | |
| 942 | |2 ddc |c PP | ||
